000 00486cam a2200181ua 4500
020 _a0-947695-00-1
_c18.00
041 _aeng
_h
082 _a006.3
_bHAR/EX
100 _aHartnell, Tim .
245 _aExploring artificial intelligence on your micro computers /
_cTim Hartnell.
_hTextual Documents
250 _a1 /
_b.
260 _aLondon :
_bInterface publications ,
_c1984.
300 _a357 ; .
365 _a18.00
504 _a
942 _cBK
999 _c7373
_d7373